| 000 | 00596nam a2200169Ia 4500 | ||
|---|---|---|---|
| 005 | 20260421141425.0 | ||
| 008 | 260225s9999 xx 000 0 und d | ||
| 020 |
_a9780198289593 _qhbk |
||
| 082 | _a338.6042 SWA | ||
| 100 | _aSwann, G. M. Peter | ||
| 245 | 0 |
_aThe Dynamics of Industrial Clustering: International Comparisons in Computing and Biotechnology _c/ G. M. Peter Swann, Martha Prevezer,and David Stout |
|
| 250 | _a1st ed. | ||
| 260 |
_aNew York: _bOxford University Press, _c2002. |
||
| 300 |
_avi,347p. _c;22cm. |
||
| 650 | _aSize of Enterprise: Small Businesses | ||
| 942 | _cENGLISH | ||
| 999 |
_c615590 _d615590 |
||